| 000 | 00848nam a2200301 i 4500 | ||
|---|---|---|---|
| 001 | bg | ||
| 100 | 1 | _aBiernacki, Piotr. | |
| 245 | 1 | 0 |
_aPierwsze kroki na rynku kapitałowym / _cPiotr Biernacki, Piotr Szulec. |
| 250 | _aWyd. 4 uaktual. | ||
| 260 |
_aWarszawa : _bKomisja Nadzoru Finansowego, _c2009. |
||
| 300 |
_a58 s. : _bil. ; _c21 cm. |
||
| 490 | 1 | _aPoradnik Inwestora | |
| 500 | _aNa s. tyt. i okł. nazwa projektu: CEDUR. | ||
| 650 | 4 | _aRynek kapitałowy | |
| 650 | 4 | _aPoradniki | |
| 700 | 1 | _aSzulec, Piotr. | |
| 830 | 0 | _aPoradnik Inwestora - Komisja Nadzoru Finansowego | |
| 015 | _aPB 28287/2010 | ||
| 020 | _a9788392481393 | ||
| 040 | _cBPK | ||
| 041 | _apol | ||
| 044 | _aPOL | ||
| 080 | _a336.76 | ||
| 080 | _a(083.1) | ||
| 920 | _a978-83-924813-9-3 | ||
| 942 | _cKS | ||
| 008 | 110530s2009 pl a |000 0 pol | ||
| 999 |
_c49699 _d49699 |
||
| 856 |
_uhttp://koha.tu.koszalin.pl/cgi-bin/koha/opac-detail.pl?biblionumber=49699 _yKatalog online BPK |
||